000 005080000a22001690004500
041 0 _aENG
082 0 4 _aG 280 F358p
100 1 _aFerm, Vergilius (Anselm) (1894-)
245 1 0 _aPictorial history of protestantism : A panoramic view of western Europe and the United States / Vergilius Ferm
260 _aNew York, USA : Philosophical
300 _a368 Pag
001 8606
942 _cBK
999 _c38740
_d38740
336 _atexto
_btxt
_2rdacontent
337 _2rdamedia
_asin mediación
_bn
338 _2rdacarrier
_avolumen
_bnc